| 000 | 02321nam0a2200373 4500 | ||
|---|---|---|---|
| 001 | RU\NLR\bibl\1324342 | ||
| 005 | 20260407194514.0 | ||
| 010 |
_a978-5-89971-219-7 _9200 |
||
| 021 |
_aRU _b2008-94934 _95562 |
||
| 035 | _a(NLR Aleph) 001309662 | ||
| 090 |
_a671412 _c671412 |
||
| 100 | _a20090203d2008 |||y0rusy50 ca | ||
| 101 | 0 | _arus | |
| 102 | _aRU | ||
| 105 | _ay ||||||||| | ||
| 200 | 1 |
_aСоциально-психологические проблемы современной семьи _dSocial and psychological problems of a modern family _eматериалы Международной научно-практической конференции студентов, аспирантов и молодых ученых, 29-30 сентября 2008 года _f[науч. ред.: к. п. н., доц. Соболева Е. А. и др.] _zeng |
|
| 210 |
_aАрмавир _cРедакционно-издательский центр Армавирского государственного педагогического университета _d2008 |
||
| 215 |
_a237 с. _d21 |
||
| 225 | 1 | _aСборник научных статей | |
| 300 | _aВ надзаг.: Федер. агентство по образованию, Армавир. гос. пед. ун-т, Фак. доп. проф. образования, Отд-ние "Педагогика и психология" | ||
| 320 | _aБиблиогр. в конце докл. | ||
| 510 | 0 |
_aSocial and psychological problems of a modern family _zeng |
|
| 606 | 1 |
_aСемья _jСъезды, совещания и т.п. _xСоциально-психологические исследования _92170312 _3RU\NLR\auth\661305578 |
|
| 686 | _aС550.537я431 | ||
| 686 | _aЮ949.246я431 | ||
| 702 | 1 |
_4340 _8rus _7ca _aСоболева _bЕ. А. _cканд. пед. наук _f1953- _gЕвгения Александровна _3RU\NLR\auth\7765141 _948070 |
|
| 711 | 1 | 2 |
_aМеждународная научно-практическая конференция студентов, аспирантов и молодых ученых _f2008 _eАрмавир _3RU\NLR\AUTH\8810128714 _9754383 |
| 801 | 0 |
_aRU _bNLR _c20090203 _gRCR |
|
| 801 | 1 |
_aRU _bNLR _c20090203 |
|
| 942 | _cBOOK | ||
| 980 | _aNB | ||
| 980 | _aNBR | ||